| 000 | 00769cam a22001811 4500 | ||
|---|---|---|---|
| 082 |
_a357.18 _bKUT |
||
| 100 | 1 |
_aKutz, Charles Randolph, _949727 |
|
| 245 | 1 | 0 |
_aWar on wheels, _bthe evolution of an idea _c[by] C.R. Kutz. |
| 260 |
_aLondon, _bJohn Lane _c[1941] |
||
| 300 |
_a3 p. l., 9-285 p. _billus. (maps) _c19 cm. |
||
| 500 | _a"First published in America; revised English edition 1941." | ||
| 500 | _a"This book is primarily a history of armoured cars ... To a lesser extent it is the story of motor artillery, or motorized infantry, of armoured trains and of the tank."--p. 9. | ||
| 526 |
_a0 _b0 _c0 _d357_180000000000000_KUT |
||
| 650 | 0 |
_aMCE _9379 |
|
| 650 | 0 |
_aMechanization, Military. _949599 |
|
| 650 | 0 |
_aTanks (Military science) _946748 |
|
| 942 |
_2ddc _cBK |
||
| 999 |
_c552503 _d552503 |
||